Music Quiz

Random Music or Kpop Quiz

Name the Kpop group and the members Quiz Stats

 Plays Quiz not verified by Sporcle

Score 0/224 Timer 20:00
0 Plays Today
% Correct
Got7
98.8%
JB
96.2%
Mark
95.9%
Jackson
94.2%
Bambam
94%
BTS
92.4%
Rap Monster
92.2%
Jimin
92.2%
V
91.8%
Suga
91.7%
J-Hope
91.7%
Jin
91.7%
Jungkook
91.7%
EXO
91.5%
Kai
90.7%
Suho
90.6%
Xiumin
90.2%
D.O
90.1%
Chanyeol
90%
Tao
89.9%
Sehun
89.8%
Youngjae
89.6%
Baekhyun
89.6%
Seventeen
89.6%
Junior
89.4%
Luhan
89.4%
Chen
89.3%
Lay
89.2%
Kris
89.2%
Yugyeom
88.6%
Big Bang
87.7%
G-Dragon
87.5%
Top
87.2%
Monsta X
86.4%
Seungri
86.3%
Taeyang
86%
Vixx
85.8%
Daesung
84.6%
Vernon
83.1%
Astro
83%
N
82.7%
Woozi
82.2%
SNSD
82%
Leo
81.8%
Ravi
80.3%
Aoa
80%
Ken
79.3%
2pm
78.9%
Twice
78.8%
Shownu
78.5%
Taeyeon
78.5%
BAP
78.1%
S.Coups
78.1%
BTOB
78%
Minhyuk
77.2%
Hongbin
76.8%
Hyuk
76.6%
Teen Top
76.5%
Sunny
76.3%
Jimin
75.9%
Sistar
75.8%
Joshua
74.7%
Jessica
74.6%
Amber
74.3%
Jeonghan
74.1%
F(x)
74%
Tiffany
73.2%
The8
72.7%
Zelo
72.6%
Hoshi
72.5%
IM
71.9%
Niel
71.7%
Jun
71.5%
Hyungwon
71.1%
Sungjae
70.8%
% Correct
Wonwoo
70.5%
Yoona
70.2%
Dino
70.1%
Daehyun
69.9%
Krystal
69.9%
DK
69.7%
Mingyu
69.6%
Taecyeon
69.6%
Choa
69.3%
Yongguk
68.9%
Jooheon
68.9%
Miss A
68.9%
2NE1
68.9%
Minhyuk
68.8%
Momo
68.6%
Seungkwan
68.5%
Youngjae
68.4%
CL
68.1%
Luna
67.4%
Apink
67.1%
Yuri
67%
Victoria
66.9%
Himchan
66.5%
Bora
66.1%
Wonho
65.9%
Hyorin
65.8%
Jongup
65.7%
Seohyun
65.7%
Suzy
65.2%
Kihyun
64.8%
Ilhoon
64.7%
Bom
64.6%
Nichkhun
64.2%
Red Velvet
64.1%
Gfriend
64%
Sooyoung
63.9%
Sulli
63.6%
Minzy
63.6%
CAP
63.1%
Hyoyeon
63.1%
Dara
62.8%
Ricky
62.4%
Tzuyu
62.4%
Girl's Day
62.4%
Peniel
62.1%
Eunkwang
62%
T-ara
61.9%
Jinjin
61.4%
L.Joe
61.3%
Dahyun
61.1%
Sana
60.6%
Rocky
60.3%
Fei
60.3%
PSY
60.3%
Chunji
60.2%
Joy
60%
Jun.K
59.6%
Min
59.1%
Irene
59.1%
Dasom
58.7%
Sanha
57.9%
Wendy
57.2%
Moonbin
56.7%
Wooyoung
56.7%
Eric Nam
56.7%
Jay Park
56.6%
Eunji
56.5%
Jia
56.5%
Jihyo
56.4%
MJ
56%
Junho
55.6%
Changsub
55.6%
Soyou
55.6%
Seulgi
55.6%
Eunwoo
55.4%
% Correct
Seolhyun
55.2%
Yeri
54.8%
Changjo
54.5%
Bomi
54.4%
Ailee
54.2%
Chansung
54.1%
Nayeon
53.6%
After School
52.7%
Mina
52.4%
Minah
51.7%
Hyunsik
51.2%
Hyeri
50.4%
IU
50.4%
Mina
48.9%
Chorong
48.3%
Chanmi
47.6%
SinB
46.3%
Nana
45.1%
Yura
44.4%
Chaeyoung
43.5%
Jiyeon
43.4%
Wonder Girls
42.7%
Qri
42.1%
Namjoo
42.1%
Sojin
42.1%
Yuju
42%
Yuna
41.8%
Umji
41.5%
Jeongyeon
40.9%
Hyejeong
40%
Eunha
38.9%
K.Will
38.9%
Uee
38.3%
Hayoung
38.2%
Zion.T
38.2%
Yerin
36.8%
Lizzy
36.5%
Sowon
36.1%
Eunjung
35.9%
Raina
35.1%
Boram
34.9%
LeeHi
33.7%
Sunmi
33.5%
Hyomin
31.8%
Sohee
31.3%
Yubin
29.8%
Soyeon
27%
Yeeun
26%
Kahi
23%
Hyelim
22.7%
E-Young
19.6%
Sunye
18.2%
Kaeun
16.6%
Jungah
16.3%
Juniel
12.5%
Bekah
10.6%
Jooyeon
9.1%
SF9
6.3%
Son Dambi
6.1%
Chani
5.9%
SoYoung
5.5%
Rowoon
5.3%
Taeyang
5.3%
Zuho
5.3%
YoungBin
5.2%
Inseong
5.1%
Dawon
4.9%
Hwi Young
4.7%
Jaeyoon
4%
Seungseok
2.4%
DongSung
1.2%
Kim Hwan
1.2%
Chulmin
1%
Neoz Band Team
0.9%

You're not logged in!

Compare scores with friends on all Sporcle quizzes.
OR
Log In

Sporcle TV

Today on Sporcle TV


Watch our educational content, quiz creation guides, and fun videos on Sporcle TV.

Show Comments

Extras

Created Jul 29, 2016ReportNominate
Tags:Kpop Quiz, Kpop Quiz

Top Quizzes Today


Score Distribution

Your Account Isn't Verified!

In order to create a playlist on Sporcle, you need to verify the email address you used during registration. Go to your Sporcle Settings to finish the process.

Report this User

Report this user for behavior that violates our Community Guidelines.

Details: